[Event "European Blitz Championship 2021"]
[Site "Katowice"]
[Date "2021.12.17"]
[Round "19"]
[White "Danielyan, Vahe"]
[Black "Kovalenko, Igor"]
[Result "0-1"]
[WhiteElo "2332"]
[BlackElo "2668"]
[Annotator "RC"]
[PlyCount "94"]
[EventDate "2021.12.17"]
[EventType "swiss"]
[EventCountry "POL"]
[SourceTitle "playchess.com"]
[Source "ChessBase"]
[SourceQuality "1"]

1. e4 c5 2. Nc3 e6 3. Nf3 a6 4. g3 b5 5. d4 cxd4 6. Nxd4 Bb7 7. Bg2 Nf6 8. a3
Qc7 9. O-O Nc6 10. Re1 Nxd4 11. Qxd4 Bc5 12. Qd3 Ng4 13. Nd1 O-O 14. h3 Ne5 15.
Qe2 Bc6 16. Kh2 d6 17. b3 Bd4 18. Bb2 Bxb2 19. Nxb2 Bb7 20. Rac1 Qc3 21. Nd3
Rac8 22. Nxe5 dxe5 23. Red1 Rc7 24. Qd3 Qb2 25. a4 b4 26. Qd2 a5 27. Qd6 Rxc2
28. Rxc2 Qxc2 29. Rd2 Qxb3 30. Qb6 Bc8 31. Rd8 Qxa4 32. Rxf8+ Kxf8 33. Qc5+ Ke8
34. Qxc8+ Ke7 35. Qc5+ Kf6 36. f4 Qa1 37. fxe5+ Qxe5 38. Qf2+ Ke7 39. Qa7+ Kf6
40. Qb7 h5 41. h4 g6 42. Qa6 b3 43. Qa7 Kg7 44. Qb7 a4 45. Qb4 b2 46. Bf1 a3
47. Bd3 a2 0-1

[Event "European Blitz Championship 2021"]
[Site "Katowice"]
[Date "2021.12.17"]
[Round "19"]
[White "Kalogeris, Ioannis"]
[Black "Karolczuk, Iwo"]
[Result "0-1"]
[WhiteElo "2287"]
[BlackElo "2093"]
[Annotator "NA"]
[PlyCount "146"]
[EventDate "2021.12.17"]
[EventType "swiss"]
[EventCountry "POL"]
[SourceTitle "playchess.com"]
[Source "ChessBase"]
[SourceQuality "1"]

1. e4 e5 2. Nf3 Nc6 3. Bb5 a6 4. Ba4 Nf6 5. Bxc6 dxc6 6. d3 Bd6 7. Nbd2 Qe7 8.
Nc4 h6 9. O-O O-O 10. d4 Nxe4 11. Nfxe5 Be6 12. Qd3 Nf6 13. Bd2 Rad8 14. Rae1
c5 15. d5 Nxd5 16. Qg3 Qf6 17. f4 b5 18. Na5 Bf5 19. c4 Nb6 20. Bc3 b4 21. Nd7
Qg6 22. Nxf8 Qxg3 23. hxg3 bxc3 24. Nc6 Rxf8 25. bxc3 Nxc4 26. Ne7+ Bxe7 27.
Rxe7 c6 28. Rc7 Be4 29. Re1 Bd5 30. Ra7 a5 31. a4 Rb8 32. Kh2 Rb2 33. Kh3 Bxg2+
34. Kg4 Bd5 35. Re8+ Kh7 36. f5 Rf2 37. Raa8 Bf3+ 38. Kf4 Bh5+ 39. Ke4 Nd6+ 40.
Ke3 Nxe8 41. Kxf2 Nd6 42. Rxa5 Bd1 43. Ra7 Nxf5 44. a5 Nd6 45. Rc7 Ne4+ 46. Ke3
Nxc3 47. Rxc6 Nd5+ 48. Kd2 Bf3 49. Rxc5 Nf6 50. Ke3 Bh1 51. a6 Nd5+ 52. Kd4 Nf6
53. a7 g5 54. Rc7 Kg6 55. Rc8 h5 56. Rc1 Bg2 57. Rc2 Be4 58. Re2 Bf3 59. Re3
Bc6 60. Rc3 Bb7 61. Rb3 Bg2 62. Ke5 Ng4+ 63. Kd4 h4 64. gxh4 gxh4 65. Ra3 f5
66. a8=Q Bxa8 67. Rxa8 h3 68. Ra3 h2 69. Rh3 Kg5 70. Rh8 Kf4 71. Rh5 Kg3 72.
Kd3 h1=Q 73. Rxh1 Nf2+ 0-1

[Event "European Blitz Championship 2021"]
[Site "Katowice"]
[Date "2021.12.17"]
[Round "19"]
[White "Walter, Szymon"]
[Black "Janaszak, Dawid"]
[Result "1-0"]
[WhiteElo "2277"]
[BlackElo "2328"]
[Annotator "NA"]
[PlyCount "49"]
[EventDate "2021.12.17"]
[EventType "swiss"]
[EventCountry "POL"]
[SourceTitle "playchess.com"]
[Source "ChessBase"]
[SourceQuality "1"]

1. e4 c5 2. Nc3 Nc6 3. f4 g6 4. Nf3 Bg7 5. Bb5 Nd4 6. O-O e6 7. d3 Ne7 8. Nxd4
cxd4 9. Ne2 O-O 10. Ba4 d6 11. Qe1 Bd7 12. Bb3 Nc6 13. Ng3 Na5 14. f5 Nxb3 15.
axb3 a6 16. Qf2 Rc8 17. f6 Bh8 18. Bh6 Re8 19. Nh5 Rc5 20. Ng7 Rf8 21. Qxd4
Rxc2 22. Qxd6 Bb5 23. Qb4 Qxd3 24. Rad1 Qe2 25. Qxf8+ 1-0

[Event "European Blitz Championship 2021"]
[Site "Katowice"]
[Date "2021.12.17"]
[Round "19"]
[White "Kowalski, Igor"]
[Black "Wieczorek, Oskar"]
[Result "1-0"]
[WhiteElo "2276"]
[BlackElo "2258"]
[Annotator "NA"]
[PlyCount "93"]
[EventDate "2021.12.17"]
[EventType "swiss"]
[EventCountry "POL"]
[SourceTitle "playchess.com"]
[Source "ChessBase"]
[SourceQuality "1"]

1. d4 Nf6 2. Nf3 c5 3. e3 g6 4. Be2 Bg7 5. O-O cxd4 6. exd4 O-O 7. c3 d5 8. Bf4
Nc6 9. Nbd2 Bf5 10. Ne5 Ne4 11. Nxc6 bxc6 12. Nxe4 dxe4 13. Qb3 a5 14. Rfd1 Be6
15. Qc2 f5 16. Qa4 Qc8 17. Rac1 h6 18. h4 Kh7 19. c4 Bf6 20. g3 g5 21. hxg5
hxg5 22. Be3 Kg7 23. d5 Bd7 24. Qc2 c5 25. Qd2 Kg6 26. Kg2 Rb8 27. b3 Rh8 28.
Rh1 Qc7 29. f3 exf3+ 30. Bxf3 Qe5 31. Qd3 Kg7 32. Bf2 g4 33. Be2 f4 34. gxf4
Qxf4 35. Qe3 Qxe3 36. Bxe3 a4 37. Rxh8 Kxh8 38. Bd1 axb3 39. axb3 Rc8 40. Rc2
Bf5 41. Rf2 Be4+ 42. Kg3 Rg8 43. Bxg4 Be5+ 44. Bf4 Bd4 45. Rh2+ Kg7 46. Re2 Bf5
47. Bxf5 1-0

[Event "European Blitz Championship 2021"]
[Site "Katowice"]
[Date "2021.12.17"]
[Round "19"]
[White "Kulon, Klaudia"]
[Black "Czerw, Dawid"]
[Result "0-1"]
[WhiteElo "2265"]
[BlackElo "2075"]
[Annotator "NA"]
[PlyCount "69"]
[EventDate "2021.12.17"]
[EventType "swiss"]
[EventCountry "POL"]
[SourceTitle "playchess.com"]
[Source "ChessBase"]
[SourceQuality "1"]

1. c4 c5 2. g3 Nc6 3. Bg2 g6 4. Nc3 Bg7 5. e3 a6 6. Nge2 Nf6 7. O-O O-O 8. d4
d6 9. h3 Rb8 10. a4 Bd7 11. b3 Nb4 12. dxc5 dxc5 13. e4 Bc6 14. Be3 b6 15. a5
Nd7 16. axb6 Qxb6 17. Na4 Qb7 18. Rb1 Rfd8 19. Nec3 Ne5 20. Qe2 Ned3 21. Rfd1
Bd4 22. Rxd3 Nxd3 23. Qxd3 Bxc3 24. Qxc3 Bxa4 25. Bh6 f6 26. e5 Bc6 27. exf6
Bxg2 28. f7+ Kxf7 29. Qg7+ Ke8 30. Re1 Bxh3 31. f3 Rd2 32. Bxd2 e6 33. Qh8+ Kd7
34. Qxh7+ Kc8 35. Qxh3 0-1

[Event "European Blitz Championship 2021"]
[Site "Katowice"]
[Date "2021.12.17"]
[Round "19"]
[White "Kyc, Jerzy"]
[Black "Zakrzewski, Marek"]
[Result "0-1"]
[WhiteElo "2250"]
[BlackElo "2279"]
[Annotator "NA"]
[PlyCount "88"]
[EventDate "2021.12.17"]
[EventType "swiss"]
[EventCountry "POL"]
[SourceTitle "playchess.com"]
[Source "ChessBase"]
[SourceQuality "1"]

1. e4 c5 2. Nf3 e6 3. d4 cxd4 4. Nxd4 Nc6 5. Nb5 d6 6. c4 Nf6 7. N1c3 a6 8. Na3
Be7 9. Be2 O-O 10. O-O b6 11. Be3 Bb7 12. Rc1 Rc8 13. f4 Na5 14. Bd3 d5 15.
cxd5 exd5 16. Nxd5 Rxc1 17. Nxe7+ Qxe7 18. Qxc1 Bxe4 19. Bxe4 Qxe4 20. Bxb6 Nc6
21. Re1 Qd5 22. b3 h5 23. Nc4 Nb4 24. Re2 Rb8 25. Bf2 Ng4 26. Qd2 Qf5 27. h3
Nxf2 28. Rxf2 Nd3 29. Rf3 Nc5 30. Qd6 Re8 31. Ne5 Ne4 32. Qxa6 Nd2 33. Rf2 Ne4
34. Rf3 Nd2 35. Rf2 Ne4 36. Qb5 Rd8 37. Rf3 Rd1+ 38. Kh2 h4 39. Qe8+ Kh7 40.
Nxf7 Ng3 41. Rxg3 hxg3+ 42. Kxg3 Rd3+ 43. Kf2 Qxf4+ 44. Ke2 Rd2+ 0-1

[Event "European Blitz Championship 2021"]
[Site "Katowice"]
[Date "2021.12.17"]
[Round "19"]
[White "Wisniewski, Michal"]
[Black "Gerasimenyk, Mikhail"]
[Result "1-0"]
[WhiteElo "2215"]
[BlackElo "2258"]
[Annotator "NA"]
[PlyCount "61"]
[EventDate "2021.12.17"]
[EventType "swiss"]
[EventCountry "POL"]
[SourceTitle "playchess.com"]
[Source "ChessBase"]
[SourceQuality "1"]

1. Nf3 d5 2. c4 c6 3. g3 Nf6 4. Bg2 Bg4 5. Ne5 Be6 6. O-O h5 7. h3 Nbd7 8. d4
Nxe5 9. dxe5 Ne4 10. cxd5 Bxd5 11. Qc2 f5 12. exf6 Nxf6 13. e4 Bf7 14. e5 Nd5
15. Re1 e6 16. Nd2 Bb4 17. a3 Ba5 18. b4 Bb6 19. Nc4 O-O 20. Rf1 Bd4 21. Bb2
Bxb2 22. Qxb2 Bg6 23. Nd6 Qb6 24. Qd2 a5 25. Qg5 Kh7 26. Be4 Bxe4 27. Qxh5+ Kg8
28. Nxe4 Qd4 29. Ng5 Qd3 30. Rad1 Qf5 31. Rd4 1-0

[Event "European Blitz Championship 2021"]
[Site "Katowice"]
[Date "2021.12.17"]
[Round "19"]
[White "Bauer, Thomas"]
[Black "Ustianovich, Nazar"]
[Result "1-0"]
[WhiteElo "2204"]
[BlackElo "2278"]
[Annotator "NA"]
[PlyCount "77"]
[EventDate "2021.12.17"]
[EventType "swiss"]
[EventCountry "POL"]
[SourceTitle "playchess.com"]
[Source "ChessBase"]
[SourceQuality "1"]

1. e4 c6 2. Nc3 d5 3. Qe2 dxe4 4. Nxe4 Bf5 5. Nf3 Bxe4 6. Qxe4 Nf6 7. Qh4 e6 8.
Bc4 Be7 9. O-O Nbd7 10. d3 h6 11. Qg3 g5 12. Ne5 Nxe5 13. Qxe5 Qd6 14. Qe2 Nd5
15. a4 Bf6 16. c3 Rd8 17. a5 a6 18. d4 Bg7 19. Bd2 c5 20. dxc5 Qxc5 21. Bb3 O-O
22. Ra4 e5 23. h4 Nf4 24. Bxf4 gxf4 25. Qe4 Qe7 26. h5 Kh8 27. Rb4 Rb8 28. Re1
Qg5 29. Bd1 f5 30. Qc4 e4 31. Qc7 f3 32. Qg3 Qf6 33. Rb6 Qe5 34. Qxe5 Bxe5 35.
gxf3 Bf4 36. fxe4 fxe4 37. Rxe4 Rbd8 38. Bg4 Rd7 39. Bxd7 1-0

[Event "European Blitz Championship 2021"]
[Site "Katowice"]
[Date "2021.12.17"]
[Round "19"]
[White "Bjerre, Jonas"]
[Black "Schneider, Ilja"]
[Result "1/2-1/2"]
[WhiteElo "2201"]
[BlackElo "2486"]
[Annotator "ChessBase"]
[PlyCount "152"]
[EventDate "2021.12.17"]
[EventType "swiss"]
[EventCountry "POL"]
[SourceTitle "playchess.com"]
[Source "ChessBase"]
[SourceQuality "1"]

1. d4 d5 2. c4 c6 3. Nf3 Nf6 4. Nbd2 Bf5 5. Nh4 Be6 6. e3 g6 7. Be2 Bg7 8. O-O
O-O 9. Nhf3 Bg4 10. b4 Nbd7 11. Qb3 e5 12. dxe5 Nxe5 13. Bb2 dxc4 14. Nxc4
Nxf3+ 15. gxf3 Bh3 16. Rfd1 Qe7 17. Kh1 Rad8 18. Be5 b5 19. Bd6 bxc4 20. Bxe7
cxb3 21. Bxd8 Nd5 22. Bh4 b2 23. Rab1 Nc3 24. Bd3 Be6 25. a3 Nxd1 26. Rxd1 Bb3
27. Re1 Bc3 28. Rf1 f6 29. Bb1 Rd8 30. Kg1 Rd2 31. Bg3 Bc2 32. Ba2+ Kg7 33. e4
Bd3 34. Bf4 Bxf1 35. Bxd2 Bxd2 36. Kxf1 Bf4 37. h3 h5 38. Ke2 Bc1 39. Kd3 g5
40. Kc2 Kf8 41. Be6 Ke7 42. Bf5 Kd6 43. Bg6 h4 44. Bf5 c5 45. bxc5+ Kxc5 46. a4
Kb4 47. Bd7 a5 48. Kb1 Kc3 49. Be6 Kd2 50. Bf5 Ke2 51. Bg4 Kxf2 52. Kc2 Ke3 53.
Kb1 Kd4 54. Bf5 Kc3 55. Bg4 Bf4 56. Be6 Be5 57. Bf5 Kb4 58. Bd7 f5 59. exf5 Bf6
60. Kc2 Ka3 61. Kb1 Kb3 62. Bc6 Kc3 63. Bd7 Kd4 64. Be8 Ke5 65. Bh5 Kxf5 66.
Bg4+ Ke5 67. Kc2 Kf4 68. Kb1 Ke3 69. Kc2 Be5 70. Kb1 Bc3 71. Kc2 Kd4 72. Be6
Kc5 73. Bg4 Kb4 74. Bd7 Ka3 75. Kb1 Be5 76. Bc6 Kb4 1/2-1/2

[Event "European Blitz Championship 2021"]
[Site "Katowice"]
[Date "2021.12.17"]
[Round "19"]
[White "Mis, Mieszko"]
[Black "Nasuta, Grzegorz"]
[Result "1-0"]
[WhiteElo "2200"]
[BlackElo "2377"]
[Annotator "NA"]
[PlyCount "79"]
[EventDate "2021.12.17"]
[EventType "swiss"]
[EventCountry "POL"]
[SourceTitle "playchess.com"]
[Source "ChessBase"]
[SourceQuality "1"]

1. d4 d5 2. c4 c6 3. Nf3 Nf6 4. Qc2 dxc4 5. Qxc4 Bg4 6. Nbd2 e6 7. g3 Nbd7 8.
Bg2 Be7 9. O-O O-O 10. Qb3 Qb6 11. Nc4 Qa6 12. Bf4 Nd5 13. Bd2 b5 14. Ne3 Nxe3
15. Bxe3 Rac8 16. h3 Bh5 17. g4 Bg6 18. a4 b4 19. a5 Qxe2 20. Rfc1 Qa6 21. Bf1
Qb7 22. a6 Qb8 23. Bg2 c5 24. d5 exd5 25. Qxd5 Nb6 26. Qb7 Bf6 27. Rxc5 Bxb2
28. Rd1 Bf6 29. Rb5 Bc2 30. Re1 b3 31. Bxb6 axb6 32. Qxb8 Rxb8 33. Nd2 Bc3 34.
a7 Bxd2 35. axb8=Q Rxb8 36. Rxb6 Rf8 37. Re2 Bc3 38. Bd5 Bd4 39. Rb7 Bf6 40.
Rxf7 1-0

[Event "European Blitz Championship 2021"]
[Site "Katowice"]
[Date "2021.12.17"]
[Round "19"]
[White "Kukula, Pawel"]
[Black "Przybylski, Bartosz"]
[Result "1-0"]
[WhiteElo "2191"]
[BlackElo "2068"]
[Annotator "NA"]
[PlyCount "99"]
[EventDate "2021.12.17"]
[EventType "swiss"]
[EventCountry "POL"]
[SourceTitle "playchess.com"]
[Source "ChessBase"]
[SourceQuality "1"]

1. d4 Nf6 2. Nf3 c5 3. Nc3 b6 4. d5 d6 5. e4 e5 6. dxe6 fxe6 7. Bb5+ Bd7 8. Bc4
Nc6 9. O-O Ne5 10. Nxe5 dxe5 11. f4 Qc7 12. Nb5 Bxb5 13. Bxb5+ Kf7 14. f5 Be7
15. Bc4 Rad8 16. Bxe6+ Kf8 17. Qf3 Qd6 18. Be3 h5 19. Rad1 Qc7 20. Rxd8+ Qxd8
21. Rd1 Qe8 22. h3 g6 23. fxg6 Qxg6 24. Bf5 Qf7 25. b3 c4 26. Kh1 Ng4 27. Bg1
Nh6 28. Rd7 Nxf5 29. exf5 cxb3 30. axb3 Rg8 31. Qb7 Qf6 32. Qd5 Qg5 33. Rxa7
Kg7 34. Qxe5+ Kf8 35. Ra8+ Bd8 36. Qd6+ Kf7 37. Qd5+ Ke8 38. Qe6+ Kf8 39. Qd6+
Kf7 40. Qd5+ Ke8 41. Bd4 Qc1+ 42. Kh2 Qf4+ 43. Kh1 Qc1+ 44. Bg1 Qg5 45. Qe5+
Kf7 46. Qe6+ Kf8 47. Qd6+ Ke8 48. Qc6+ Kf8 49. Ra7 Qxg2+ 50. Qxg2 1-0

[Event "European Blitz Championship 2021"]
[Site "Katowice"]
[Date "2021.12.17"]
[Round "19"]
[White "Budrewicz, Krzysztof"]
[Black "Laurusas, Tomas"]
[Result "1-0"]
[WhiteElo "2183"]
[BlackElo "2553"]
[Annotator "ChessBase"]
[PlyCount "111"]
[EventDate "2021.12.17"]
[EventType "swiss"]
[EventCountry "POL"]
[SourceTitle "playchess.com"]
[Source "ChessBase"]
[SourceQuality "1"]

1. d4 Nf6 2. c4 e6 3. Nf3 Bb4+ 4. Bd2 a5 5. e3 O-O 6. Bd3 b6 7. O-O Bb7 8. a3
Be7 9. Nc3 d5 10. cxd5 exd5 11. Rc1 c5 12. Bb1 Nbd7 13. Re1 Rc8 14. dxc5 Nxc5
15. Nd4 Re8 16. Ncb5 Nfe4 17. f3 Nxd2 18. Qxd2 Bh4 19. g3 Bf6 20. Kg2 g6 21.
Rcd1 a4 22. Ba2 Qd7 23. Nc3 Rcd8 24. h4 h5 25. Qc2 Kg7 26. Qd2 Re7 27. Nce2 Ba6
28. Nf4 Bc4 29. Bb1 Re5 30. Qb4 Qd6 31. Nb5 Qc6 32. Nd4 Qd6 33. Nb5 Qc6 34. Nd4
Qc7 35. Nb5 Qd7 36. Nd4 Rde8 37. Qxb6 Nb3 38. Nxb3 Bxb3 39. Rd2 R5e7 40. Nd3
Bc4 41. Nc5 Qc8 42. Nxa4 d4 43. e4 Rb7 44. Qc5 Bb3 45. Qxc8 Rxc8 46. e5 Be7 47.
Rxd4 Ra7 48. Nc3 Bxa3 49. Nb5 Bc5 50. Nxa7 Bxa7 51. Rd7 Bb6 52. e6 Kg8 53.
exf7+ Kf8 54. Re8+ Rxe8 55. fxe8=Q+ Kxe8 56. Rb7 1-0

[Event "European Blitz Championship 2021"]
[Site "Katowice"]
[Date "2021.12.17"]
[Round "19"]
[White "Tymrakiewicz, Rafal"]
[Black "Woloch, Oskar"]
[Result "1-0"]
[WhiteElo "2172"]
[BlackElo "2053"]
[Annotator "NA"]
[PlyCount "127"]
[EventDate "2021.12.17"]
[EventType "swiss"]
[EventCountry "POL"]
[SourceTitle "playchess.com"]
[Source "ChessBase"]
[SourceQuality "1"]

1. d4 c5 2. e4 cxd4 3. c3 d5 4. exd5 Qxd5 5. cxd4 Nc6 6. Nf3 Bg4 7. Nc3 Qh5 8.
d5 Rd8 9. Qa4 Bxf3 10. gxf3 Rxd5 11. Nxd5 Qxd5 12. Be2 e6 13. Bd2 Bc5 14. O-O-O
Bxf2 15. Kb1 Qf5+ 16. Ka1 Nge7 17. Qb5 e5 18. Rhf1 Bd4 19. Bd3 Qf6 20. Be4 O-O
21. Bc3 a6 22. Qd3 Qh6 23. f4 f5 24. Bd5+ Nxd5 25. Qc4 Qe6 26. fxe5 b5 27. Qb3
Qxe5 28. Rfe1 Qd6 29. Bxd4 Rd8 30. Bb6 Rd7 31. Rd2 Ncb4 32. Ba5 Re7 33. Rxe7
Qxe7 34. Rxd5 Nxd5 35. Qxd5+ Kf8 36. Qa8+ Kf7 37. Qd5+ Kg6 38. Bc3 Qe2 39. a3
Qf1+ 40. Ka2 Kh6 41. Qe6+ g6 42. Bd2+ Kh5 43. Qf7 h6 44. Qd5 g5 45. Qf7+ Kg4
46. Qd5 f4 47. Qe6+ Kf3 48. Bc3 h5 49. Qd5+ Kg4 50. Qe6+ Kf3 51. Qd5+ Kg4 52.
Qd7+ Kf3 53. Qc6+ Kg4 54. Qe6+ Kf3 55. Qxa6 Qc4+ 56. Kb1 Qd3+ 57. Kc1 Qf1+ 58.
Kc2 Qe2+ 59. Kc1 Qf1+ 60. Kc2 Qe2+ 61. Kc1 g4 62. Qc6+ Kf2 63. Bd4+ Kf1 64.
Qh1# 1-0

[Event "European Blitz Championship 2021"]
[Site "Katowice"]
[Date "2021.12.17"]
[Round "19"]
[White "Starek, Stanislav"]
[Black "Povilaitis, Tomas"]
[Result "1-0"]
[WhiteElo "2159"]
[BlackElo "2101"]
[Annotator "NA"]
[PlyCount "113"]
[EventDate "2021.12.17"]
[EventType "swiss"]
[EventCountry "POL"]
[SourceTitle "playchess.com"]
[Source "ChessBase"]
[SourceQuality "1"]

1. f4 d5 2. Nf3 g6 3. e3 Bg7 4. Be2 c5 5. Bb5+ Nc6 6. Bxc6+ bxc6 7. O-O Ba6 8.
d3 e6 9. Nbd2 Ne7 10. Rb1 Nf5 11. e4 Nd4 12. e5 Nf5 13. Nb3 c4 14. Nbd4 Qb6 15.
dxc4 Bxc4 16. Re1 O-O 17. b3 Ba6 18. g4 Nxd4 19. Qxd4 c5 20. Qf2 d4 21. Ng5 Bb7
22. Ne4 Qc6 23. g5 Rfd8 24. Ba3 d3 25. cxd3 Rxd3 26. Qxc5 Qa6 27. Nf2 Rd5 28.
Qb4 Bf8 29. Qa4 Bxa3 30. Qxa6 Bxa6 31. Ne4 Be7 32. Rbc1 Rc8 33. b4 Rdd8 34. a3
Bb7 35. Nf6+ Bxf6 36. exf6 Bd5 37. Kf2 Rc4 38. Rxc4 Bxc4 39. Rc1 Bb5 40. Rc7 a6
41. Ke3 Kf8 42. h4 Ke8 43. Re7+ Kf8 44. Ra7 Bc4 45. a4 Rb8 46. Kd4 Bd5 47. Kc5
Rc8+ 48. Kd6 Rd8+ 49. Kc5 Rc8+ 50. Kd6 Rb8 51. Kc5 Ra8 52. Rc7 Ke8 53. Re7+ Kf8
54. Rc7 Rb8 55. b5 axb5 56. axb5 Rb7 57. Rc8# 1-0

[Event "European Blitz Championship 2021"]
[Site "Katowice"]
[Date "2021.12.17"]
[Round "19"]
[White "Baum, Jonasz"]
[Black "Janeczko, Jakub"]
[Result "0-1"]
[WhiteElo "2157"]
[BlackElo "2091"]
[Annotator "NA"]
[PlyCount "72"]
[EventDate "2021.12.17"]
[EventType "swiss"]
[EventCountry "POL"]
[SourceTitle "playchess.com"]
[Source "ChessBase"]
[SourceQuality "1"]

1. d4 g6 2. e4 Bg7 3. Nc3 c6 4. h4 h5 5. Bc4 b5 6. Bb3 b4 7. Nce2 d5 8. Nf3 Bg4
9. exd5 cxd5 10. Qd3 Qa5 11. Bf4 Nc6 12. Ne5 Bxe5 13. Bxe5 Nxe5 14. dxe5 Bxe2
15. Kxe2 e6 16. a3 Ne7 17. axb4 Qxb4 18. Ra4 Qb8 19. f4 O-O 20. Rha1 Nf5 21. g3
Qc7 22. Ra6 Rfc8 23. Kf3 Qc5 24. R6a4 a5 25. Re1 Rcb8 26. Kg2 Rb4 27. Re2 Rxa4
28. Bxa4 Rb8 29. c3 d4 30. cxd4 Nxd4 31. Rf2 Nf5 32. Bd1 Ne3+ 33. Kf3 Nxd1 34.
Qxd1 Qc6+ 35. Ke3 Rb4 36. Qd3 Qb6+ 0-1

[Event "European Blitz Championship 2021"]
[Site "Katowice"]
[Date "2021.12.17"]
[Round "19"]
[White "Golubovskis, Maksims"]
[Black "Reimanis, Ritvars"]
[Result "1-0"]
[WhiteElo "2088"]
[BlackElo "2397"]
[Annotator "NA"]
[PlyCount "175"]
[EventDate "2021.12.17"]
[EventType "swiss"]
[EventCountry "POL"]
[SourceTitle "playchess.com"]
[Source "ChessBase"]
[SourceQuality "1"]

1. e4 e5 2. Nf3 Nc6 3. d4 exd4 4. Nxd4 Bc5 5. Nb3 Bb6 6. Nc3 d6 7. Qe2 Nf6 8.
Be3 Qe7 9. Bg5 Be6 10. O-O-O h6 11. Be3 O-O-O 12. Bxb6 axb6 13. f3 Rhe8 14. Qf2
d5 15. exd5 Nxd5 16. Nxd5 Rxd5 17. Rxd5 Bxd5 18. Bd3 Nb4 19. Bf5+ Kb8 20. a3
Qg5+ 21. Qd2 Qxf5 22. axb4 Bxb3 23. cxb3 Qg6 24. Re1 Rc8 25. Qc2 Qf6 26. Kb1
Qg5 27. Re4 Qd5 28. Rc4 Qd6 29. Re4 Qxh2 30. Rd4 Qe5 31. Re4 Qd6 32. g4 g6 33.
Ka2 Qf6 34. Rc4 Qxf3 35. Qd2 Qh1 36. Qd7 Qf3 37. Rc3 Qf4 38. Rc4 Qf6 39. b5 Qe6
40. Qd2 h5 41. gxh5 gxh5 42. Qg5 Qg6 43. Qe7 Qf5 44. Rb4 f6 45. Qe2 Qg5 46. Re4
Qg6 47. Re6 Qf5 48. Re7 h4 49. Rg7 h3 50. Rg3 Rd8 51. Re3 Qh7 52. Qh2 Qd7 53.
Rc3 Rc8 54. Qxh3 Qxb5 55. Qf3 Qa5+ 56. Kb1 Qe5 57. Re3 Qd6 58. Qf5 Qc5 59. Rf3
Rf8 60. Qe6 Qd6 61. Qg4 Qe5 62. Rf5 Qe7 63. Qf4 Qf7 64. Ka2 Qe6 65. Qf3 Qd6 66.
Qe4 Qd8 67. Qe6 Qd6 68. Qe4 c6 69. Qc4 b5 70. Qg4 Qc7 71. Qg6 Rd8 72. Rf1 Rd6
73. Qg8+ Ka7 74. Qg1+ Qb6 75. Qg6 Qd4 76. Qf5 Qe5 77. Qf2+ Kb8 78. Qb6 Rd2 79.
Rb1 f5 80. Qg1 Qd4 81. Qg8+ Ka7 82. Qf7 f4 83. Qf8 Qe3 84. Qa3+ Kb6 85. Qa8 Qd4
86. Qa3 f3 87. b4 f2 88. Qa5# 1-0

[Event "European Blitz Championship 2021"]
[Site "Katowice"]
[Date "2021.12.17"]
[Round "19"]
[White "Szczurek, Krzysztof"]
[Black "Kozak, Antoni"]
[Result "0-1"]
[WhiteElo "2088"]
[BlackElo "2272"]
[Annotator "NA"]
[PlyCount "115"]
[EventDate "2021.12.17"]
[EventType "swiss"]
[EventCountry "POL"]
[SourceTitle "playchess.com"]
[Source "ChessBase"]
[SourceQuality "1"]

1. e4 c6 2. d3 d5 3. Nd2 e5 4. g3 Bd6 5. Bg2 Nf6 6. Ngf3 O-O 7. O-O a5 8. Qe2
Re8 9. b3 Na6 10. Bb2 d4 11. c3 c5 12. cxd4 cxd4 13. Nc4 Bc7 14. a4 Nc5 15. Qc2
b6 16. Ba3 Nfd7 17. Nh4 Nf8 18. Bxc5 bxc5 19. Na3 Ba6 20. Nf3 Rb8 21. Nd2 Ne6
22. Rac1 Rb4 23. Nac4 Qe7 24. Qd1 Reb8 25. Qe2 g6 26. Rc2 Bxc4 27. dxc4 Qd6 28.
Qd3 Bd8 29. h4 Bf6 30. Bf3 Bg7 31. Rcc1 Bh6 32. Bd1 R4b7 33. Ra1 Bxd2 34. Qxd2
d3 35. Rc1 Qd8 36. Rc3 Rd7 37. Bg4 Nd4 38. Qxd3 Rd6 39. Qe3 h5 40. Bh3 Qe7 41.
Re1 Rdb6 42. Rb1 Qb7 43. Kh2 Nxb3 44. Qg5 Nd4 45. Rxb6 Qxb6 46. Re3 Qb2 47. Kg2
Re8 48. Qf6 Qb8 49. Qa6 Qa8 50. Qb6 f5 51. Qxg6+ Kf8 52. Bxf5 Qb7 53. Qxh5 Qg7
54. Qg6 Rb8 55. Qd6+ Kf7 56. Qxb8 Qf6 57. Qc7+ Kg8 58. Qc8+ 0-1

[Event "European Blitz Championship 2021"]
[Site "Katowice"]
[Date "2021.12.17"]
[Round "19"]
[White "Kowalczyk, Mariusz"]
[Black "Wilk, Krzysztof"]
[Result "1/2-1/2"]
[WhiteElo "2070"]
[BlackElo "2206"]
[Annotator "NA"]
[PlyCount "191"]
[EventDate "2021.12.17"]
[EventType "swiss"]
[EventCountry "POL"]
[SourceTitle "playchess.com"]
[Source "ChessBase"]
[SourceQuality "1"]

1. e4 c6 2. d4 d5 3. Nc3 dxe4 4. Nxe4 Bf5 5. Ng3 Bg6 6. h4 h6 7. f4 e6 8. Nf3
Nd7 9. c3 Qc7 10. Be3 Ngf6 11. Ne5 Nxe5 12. fxe5 Nd5 13. Bf2 Be7 14. Bd3 Bxd3
15. Qxd3 O-O-O 16. O-O-O c5 17. Kb1 Kb8 18. Ne4 c4 19. Qf3 Rhf8 20. Rhe1 Qb6
21. Ka1 a5 22. Nd6 Bxd6 23. exd6 Ka7 24. Bg3 a4 25. Re5 Qxd6 26. Rg5 Qe7 27.
Rxg7 a3 28. Qe2 Rg8 29. Rxg8 Rxg8 30. Be1 b5 31. g3 axb2+ 32. Kxb2 Kb6 33. a4
Ra8 34. Ra1 Qc7 35. Qc2 Qd6 36. Kc1 f5 37. Qb2 Qc6 38. Qc2 h5 39. Rb1 b4 40.
cxb4 Qxa4 41. Qe2 Qa3+ 42. Kd1 Ne3+ 43. Kd2 Qa2+ 44. Kxe3 Qxb1 45. Qxc4 Qe4+
46. Kf2 Qd5 47. Qc3 Ra2+ 48. Bd2 Qc6 49. Qe3 Kb5 50. Qe5+ Ka4 51. Qe3 Qc2 52.
Ke2 Qe4 53. Qxe4 fxe4 54. Ke3 Kb5 55. Be1 Ra1 56. Bf2 Ra2 57. Be1 Ra1 58. Bf2
Kxb4 59. Kxe4 Ra2 60. Be3 Kc4 61. Kf3 Ra5 62. Ke4 Rd5 63. Bf2 Kc3 64. Be3 Kc2
65. Bf4 Kd1 66. Be5 Ke2 67. Kf4 Kd3 68. Kg5 Rxd4 69. Bxd4 Kxd4 70. Kxh5 e5 71.
g4 e4 72. g5 e3 73. g6 e2 74. g7 e1=Q 75. g8=Q Qe5+ 76. Qg5 Qe8+ 77. Kh6 Qh8+
78. Kg6 Qg8+ 79. Kf5 Qh7+ 80. Kg4 Qd7+ 81. Qf5 Qg7+ 82. Qg5 Qd7+ 83. Kf4 Qd6+
84. Kf5 Qd7+ 85. Kg6 Qe8+ 86. Kg7 Qd7+ 87. Kf8 Qd6+ 88. Kf7 Qd7+ 89. Kg6 Qe8+
90. Kf5 Qd7+ 91. Kf4 Qf7+ 92. Kg4 Ke4 93. h5 Qf3+ 94. Kh4 Qh1+ 95. Kg3 Qg1+ 96.
Kh4 1/2-1/2

[Event "European Blitz Championship 2021"]
[Site "Katowice"]
[Date "2021.12.17"]
[Round "19"]
[White "Malik, Maciej"]
[Black "Kacprzak, Karol"]
[Result "0-1"]
[WhiteElo "1987"]
[BlackElo "2155"]
[Annotator "NA"]
[PlyCount "94"]
[EventDate "2021.12.17"]
[EventType "swiss"]
[EventCountry "POL"]
[SourceTitle "playchess.com"]
[Source "ChessBase"]
[SourceQuality "1"]

1. d4 Nf6 2. Nf3 d5 3. e3 c5 4. b3 Nc6 5. Bb2 cxd4 6. exd4 g6 7. Be2 Bg7 8. O-O
O-O 9. Ne5 Nd7 10. Nxc6 bxc6 11. Nd2 c5 12. Nf3 cxd4 13. Nxd4 Bb7 14. a4 Rc8
15. Rb1 Qb6 16. Re1 Nc5 17. Bf3 Ne4 18. Bxe4 dxe4 19. c3 Rfd8 20. Qe2 e5 21.
Nc2 Ba6 22. c4 Qxb3 23. Bxe5 Qxc4 24. Qxc4 Rxc4 25. Bxg7 Kxg7 26. Ne3 Rxa4 27.
h4 Rad4 28. Ra1 R8d6 29. Ra5 f5 30. Rea1 Bd3 31. Rxa7+ Rd7 32. g3 Be2 33. Rxd7+
Rxd7 34. Ng2 Rd1+ 35. Rxd1 Bxd1 36. Kf1 Kf6 37. Ke1 Bf3 38. Ne3 h6 39. Kd2 Ke5
40. Nc2 f4 41. Ne1 Kf5 42. Nc2 fxg3 43. fxg3 Kg4 44. Ke3 Kxg3 45. h5 gxh5 46.
Nd4 Bg4 47. Kxe4 h4 0-1